Southville International School and Colleges
Your cart is empty.
  • Cart
  • Lists
    Public lists Eva Luna New books Lux_list list_1
    Your lists Log in to create your own lists
  • Log in to your account
  • Your cookies
  • Search history
Southville International School and Colleges
  • Advanced search
  • Recent comments
  • Most popular
  • Libraries

Log in to your account

Log in with GOOGLE


If you do not have an external account, but do have a local account, you can still log in:

  1. Home
  2. MARC view: Wallach's interpretation of diagnostic tests /
Normal view MARC view ISBD view

Wallach's interpretation of diagnostic tests / (Record no. 13479)

[ view plain ]
MARC details
000 -LEADER
fixed length control field 01637cam a2200445 a 4500
001 - CONTROL NUMBER
control field 16627372
003 - CONTROL NUMBER IDENTIFIER
control field OSt
005 - DATE AND TIME OF LATEST TRANSACTION
control field 20140310182438.0
008 - FIXED-LENGTH DATA ELEMENTS--GENERAL INFORMATION
fixed length control field 110125s2011 paua bf 001 0 eng
010 ## - LIBRARY OF CONGRESS CONTROL NUMBER
LC control number 2011003431
016 7# - NATIONAL BIBLIOGRAPHIC AGENCY CONTROL NUMBER
Record control number 101552348
Source DNLM
016 7# - NATIONAL BIBLIOGRAPHIC AGENCY CONTROL NUMBER
Record control number 015814118
Source Uk
020 ## - INTERNATIONAL STANDARD BOOK NUMBER
International Standard Book Number 9781605476674
020 ## - INTERNATIONAL STANDARD BOOK NUMBER
International Standard Book Number 1605476676
035 ## - SYSTEM CONTROL NUMBER
System control number (DLC)16627372
035 ## - SYSTEM CONTROL NUMBER
System control number (DLC)2011003431
035 ## - SYSTEM CONTROL NUMBER
System control number (OCoLC)ocn700376792
040 ## - CATALOGING SOURCE
Original cataloging agency DNLM/DLC
Transcribing agency DLC
Modifying agency YDX
-- NLM
-- YDXCP
-- VET
-- UKMGB
-- VET
-- CNMBL
-- DLC
042 ## - AUTHENTICATION CODE
Authentication code pcc
050 00 - LIBRARY OF CONGRESS CALL NUMBER
Classification number RB 38.2
Item number .W35 2011
100 ## - MAIN ENTRY--PERSONAL NAME
Personal name Williamson, Mary A.
9 (RLIN) 7833
245 00 - TITLE STATEMENT
Title Wallach's interpretation of diagnostic tests /
Remainder of title Mary A. Williamson.
246 30 - VARYING FORM OF TITLE
Title proper/short title Interpretation of diagnostic tests
250 ## - EDITION STATEMENT
Edition statement 9th ed. /
Remainder of edition statement edited by Mary A. Williamson with L. Michael Snyder.
260 ## - PUBLICATION, DISTRIBUTION, ETC. (IMPRINT)
Place of publication, distribution, etc Philadelphia :
Name of publisher, distributor, etc Lippincott Williams & Wilkins,
Date of publication, distribution, etc c2011.
300 ## - PHYSICAL DESCRIPTION
Extent xvi, 1143 p. ;
Other physical details ill. ;
Dimensions 23 cm.
650 #0 - SUBJECT ADDED ENTRY--TOPICAL TERM
Topical term or geographic name as entry element Diagnosis, Laboratory
Form subdivision Handbooks, manuals, etc.
9 (RLIN) 7834
650 12 - SUBJECT ADDED ENTRY--TOPICAL TERM
Topical term or geographic name as entry element Clinical Laboratory Techniques.
9 (RLIN) 7391
650 22 - SUBJECT ADDED ENTRY--TOPICAL TERM
Topical term or geographic name as entry element Diagnostic Techniques and Procedures.
9 (RLIN) 7835
700 1# - ADDED ENTRY--PERSONAL NAME
Personal name Williamson, Mary A.
9 (RLIN) 7836
700 1# - ADDED ENTRY--PERSONAL NAME
Personal name Snyder, L. Michael.
9 (RLIN) 7837
700 1# - ADDED ENTRY--PERSONAL NAME
Personal name Wallach, Jacques B.
Fuller form of name (Jacques Burton),
Dates associated with a name 1926-
Title of a work Interpretation of diagnostic tests.
9 (RLIN) 7838
856 41 - ELECTRONIC LOCATION AND ACCESS
Materials specified Table of contents only
Uniform Resource Identifier <a href="http://www.loc.gov/catdir/enhancements/fy1211/2011003431-t.html">http://www.loc.gov/catdir/enhancements/fy1211/2011003431-t.html</a>
906 ## - LOCAL DATA ELEMENT F, LDF (RLIN)
a 7
b cbc
c orignew
d 1
e ecip
f 20
g y-gencatlg
942 ## - ADDED ENTRY ELEMENTS (KOHA)
Source of classification or shelving scheme Library of Congress Classification
Koha item type
Holdings
Withdrawn status Lost status Source of classification or shelving scheme Damaged status Home library Current library Shelving location Date acquired Total Checkouts Total Renewals Full call number Barcode Date last seen Date checked out Copy number Price effective from Koha item type
    Library of Congress Classification   South SEED-LPDH College Library College Library South SEED-LPDH College Section 03/11/2013 1 2 RB 38.2 .W35 2011 SSLC1166 05/15/2018 03/06/2017 2 11/06/2013 Books
    Library of Congress Classification   South SEED-LPDH College Library South SEED-LPDH College Library South SEED-LPDH College Section 03/11/2013     RB 38.2 .W35 2011 SSLC1165 05/15/2018   1 11/06/2013 Books
    Library of Congress Classification   South SEED-LPDH College Library South SEED-LPDH College Library South SEED-LPDH College Section 08/06/2013 6 2 RB 38.2 .W35 2011 SSLC0606 01/17/2019 01/17/2019 3 08/06/2013 Books
    Library of Congress Classification   South SEED-LPDH College Library South SEED-LPDH College Library South SEED-LPDH College Section 08/13/2013     RB 38.2 .W35 2011 SSLC1164 05/15/2018   1 08/13/2013 Books

Wallach's interpretation of diagnostic tests /

APA

Williamson M. A., Williamson M. A., Snyder L. M. & Wallach J. B. (2011). Wallach's interpretation of diagnostic tests. Philadelphia: Lippincott Williams & Wilkins.

Chicago

Williamson Mary A, Williamson Mary A, Snyder L Michael and Wallach Jacques B. 2011. Wallach's interpretation of diagnostic tests. Philadelphia: Lippincott Williams & Wilkins.

Harvard

Williamson M. A., Williamson M. A., Snyder L. M. and Wallach J. B. (2011). Wallach's interpretation of diagnostic tests. Philadelphia: Lippincott Williams & Wilkins.

MLA

Williamson Mary A, Williamson Mary A, Snyder L Michael and Wallach Jacques B. Wallach's interpretation of diagnostic tests. Philadelphia: Lippincott Williams & Wilkins. 2011.

  • Place hold
  • Print
  • Cite
  • Add to your cart (remove)
  • Save record
    BIBTEX Dublin Core MARCXML MARC (non-Unicode/MARC-8) MARC (Unicode/UTF-8) MARC (Unicode/UTF-8, Standard) MODS (XML) RIS
  • More searches
    Search for this title in:
    Other Libraries (WorldCat) Other Databases (Google Scholar) Online Stores (Bookfinder.com) Open Library (openlibrary.org)

Exporting to Dublin Core...

SOUTHVILLE LIBRARY

Southville International School and Colleges Library

1281 Tropical Ave. Cor. Luxembourg St., BF Homes International, Las Pinas City

Tel. No. 8256374 / 252358 Loc. 117/146

Powered by Koha